00640nam a2200181Ia 4500008004100000020001400041245008600055260004200141516002000183650002400203650002800227650001300255830003300268856005100301942000700352999001900359952008000378140925s9999 xx 000 0 und d a2231-1548 aInternational Journal of advanced information technology /h[electronic resource] bAIRCC Publishing Corporation,cc2013. aElectronic text aAdvance Technology. aInformation Technology. aJournal. aAIRCC Publishing Corporation uhttp://airccse.org/journal/IJAIT/archives.html cEJ c275705d275705 001040aCLbCLd0000-00-00l0pEJ0102r2014-09-25 00:00:00w2014-09-25yEJ